Zásady vedenia účtov klientov u bánk.

Všeobecné obchodné podmienky, ktorými sa stanovujú zásady vedenia účtov klientov u bánk a vykonávania platobného styku a zúčtovania na týchto účtoch. Zriaďovanie, vedenie a zrušenie účtov v bankách. Bezhotovostný a hotovostný platobný styk. Ustanovenie o šekoch, zmenkách a bankových platobných kartá...

Ausführliche Beschreibung

Gespeichert in:
Bibliographische Detailangaben
Format: Buchkapitel
Sprache:Slowakisch
Schlagworte:
Tags: Tag hinzufügen
Keine Tags, Fügen Sie das erste Tag hinzu!

MARC

LEADER 00000naa a2200000 4500
001 r012552
005 20220826093926.9
041 0 |a slo 
044 |a SK 
245 1 0 |a Zásady vedenia účtov klientov u bánk. 
520 |a Všeobecné obchodné podmienky, ktorými sa stanovujú zásady vedenia účtov klientov u bánk a vykonávania platobného styku a zúčtovania na týchto účtoch. Zriaďovanie, vedenie a zrušenie účtov v bankách. Bezhotovostný a hotovostný platobný styk. Ustanovenie o šekoch, zmenkách a bankových platobných kartách. 
610 2 0 |a účty 
610 2 0 |a banky 
610 2 0 |a zákazníci 
610 2 0 |a styk platobný 
610 2 0 |a zúčtovanie 
610 2 0 |a styk platobný bezhotovostný 
610 2 0 |a šeky 
610 2 0 |a zmenky 
610 2 0 |a karty platobné